| 000 | 00330nam a22001457a 4500 | ||
|---|---|---|---|
| 020 | _a9781847558787 | ||
| 082 |
_a628.162 _bBIN/AB |
||
| 100 |
_aBinnie,Chris _91056 |
||
| 100 |
_aMartin Kimber _91057 |
||
| 245 | _aBasic Water Treatment | ||
| 250 | _a4th | ||
| 260 |
_aLondon _bRSC Publishing _c2009 |
||
| 300 | _a318 | ||
| 942 | _cBK | ||
| 999 |
_c14605 _d14605 |
||